Países con menos fronteras A-Z (sin islas) - Estadísticas

Estadísticas generales
  • Esta prueba ha sido intentada 45 veces
  • La puntuación promedio es 20 de 23
Estadísticas de respuestas
Letra Fronteras Respuesta % Correcto
D 1 Dinamarca
100%
E 2 Ecuador / Egipto / El Salvador / Emiratos Árabes Unidos / Estados Unidos / Estonia / Esuatini
100%
O 3 Omán
100%
I 1 Irlanda
97%
U 2 Uruguay
97%
V 3 Vietnam / Venezuela
97%
Y 2 Yemen
97%
C 1 Canadá / Catar / Ciudad del Vaticano / Corea del Sur
95%
H 1 Haití
95%
L 1 Lesoto
95%
Z 4 Zimbabue
95%
J 4 Jordania
92%
P 1 Papúa Nueva Guinea / Portugal
89%
R 1 Reino unido / República Dominicana
89%
F 3 Finlandia
84%
G 1 Gambia
84%
A 2 Andorra
81%
B 1 Brunei
81%
K 2 Kuwait
81%
N 2 Nicaragua / Nepal
81%
S 1 San Marino
76%
M 1 Mónaco
65%
T 1 Timor Oriental
51%
No se encontraron pruebas coincidentes
Distribución de puntuación
Porcentaje de gente con cada puntuación
Porcentaje por número respondido
Historial de tus puntuaciones
No has intentado esta prueba.